00817nas a2200229Ia 4500001001100000003000900011008004100020040001300061040001300074041001200087100004500099210001400144222001400158245007600172250001100248260004100259501008600300300002000386362002500406500011700431650003900548R703/89780IT-RoPAU151124c99999999xx |||||||||||| ||und|| aIT-RoPAU cIT-RoPAU aINGLESE aVioli PatriziagCodice Aut. SPICS: 637 aSEMIOTICA aSemiotica aSEMIOTICA, VOL.80-N.3/4 (1990)bBody, Experience, And Meaningful Things a1a ed. aBERLINbWALTER DE GRUYTER & COc1990 bPaulus - SPICS - Società San Paolo EM (non-commercial uses only)cCopyright2015 a16 p. [321-336] aVOL.80, N.3/4 (1990) aRiflessioni Sul Libro di George Lakoff: Women, Fire And Dangerous Things: What Categories Reveal About The Mind. aSEMIOTICAvPUBBLICAZIONE PERIODICA